00350nam a22001097a 4500082001700000245007600017260003900093300002600132526003700158526003700195650000800232 a954.031bGHO aThe Modern History Of The Indian Chiefs Rajas ZamindrscLoke Nath Ghose aIndia.bJ.N. Ghose and Co.cc1879. a217 p.bills.c22 cm. a0b0c0d954_031000000000000_GHO a0b0c0d954_031000000000000_GHO aMCE